Spatial Autocorrelation and Spatial Regimes of the Tax and Fiscal Power in the Regions and Districts in SR

Guardado en:
Detalles Bibliográficos
Autor principal: Dubrovina, Nadiya, 1972-
Otros Autores: Neubauerová, Erika, 1968-
Formato: Capítulo de libro
Lenguaje:inglés
Materias:
Etiquetas: Agregar Etiqueta
Sin Etiquetas, Sea el primero en etiquetar este registro!

MARC

LEADER 00000naa$a2200000$$$4500
001 0236444
005 20240502083631.1
041 0 |a eng 
044 |a UA 
245 1 0 |a Spatial Autocorrelation and Spatial Regimes of the Tax and Fiscal Power in the Regions and Districts in SR  |c N. Dubrovina, Erika Neubauerova 
610 2 0 |a financie verejné 
610 2 0 |a decentralizácia fiškálna 
610 2 0 |a reformy 
610 2 0 |a dane 
610 2 0 |a samospráva 
610 2 0 |a regióny 
610 2 0 |a ekonometria 
610 2 0 |a štatistika 
100 1 |a Dubrovina, Nadiya, 1972- 
700 1 |a Neubauerová, Erika, 1968-